Online
Catalog

Logique et perception / (Record no. 35354)

MARC details
000 -CABECERA
campo de control de longitud fija 01434nam a2200277 a 4500
001 - NÚMERO DE CONTROL
campo de control 000035863
005 - FECHA Y HORA DE LA ÚLTIMA TRANSACCIÓN
campo de control 20240509200459.0
008 - DATOS DE LONGITUD FIJA--INFORMACIÓN GENERAL
campo de control de longitud fija 111115s1958 fr 000 0 fre d
040 ## - FUENTE DE LA CATALOGACIÓN
Centro catalogador/agencia de origen DO-SdBNP
Lengua de catalogación spa
Centro/agencia transcriptor BNPHU
082 ## - NÚMERO DE LA CLASIFICACIÓN DECIMAL DEWEY
Número de clasificación 160
Número de documento/Ítem L832
245 00 - MENCIÓN DE TÍTULO
Título Logique et perception /
Mención de responsabilidad, etc. Jérôme S. Bruner ... [et. al.].
260 ## - PUBLICACIÓN, DISTRIBUCIÓN, ETC.
Lugar de publicación, distribución, etc. Paris :
Nombre del editor, distribuidor, etc. Presses Universitaires de France,
Fecha de publicación, distribución, etc. 1958.
300 ## - DESCRIPCIÓN FÍSICA
Extensión 204 p. :
Otras características físicas il. ;
Dimensiones 22 cm.
490 1# - MENCIÓN DE SERIE
Mención de serie Biblothéque scientifique internatonale. Études D´épistémologie génétique
Designación de volumen o secuencia 6
504 ## - NOTA DE BIBLIOGRAFÍA, ETC.
Nota de bibliografía, etc. Bibliografía: p. 45-48
505 0# - NOTA DE CONTENIDO CON FORMATO
Nota de contenido con formato Le processus de préparation à la perception /
Mención de responsabilidad par J.S. Bruner.
Título Les isomorphismes partiels entre les structureslogiques et les structures perceptives ;
Mención de responsabilidad Jean Piaget et Albert Morf.
Título Les préinferénces perceptives et leurs relations avec les schèmes$asensori-moteurs et opératoires /
Mención de responsabilidad Jean Piaget et Albert Morf.
Título Perception et indices perceptifs /
Mención de responsabilidad François Bresson
Nota de contenido con formato Influence des schémes inductifs sur la perception : étude expérimentale /
Mención de responsabilidad François Bresson
650 #0 - PUNTO DE ACCESO ADICIONAL DE MATERIA--TÉRMINO DE MATERIA
Término de materia o nombre geográfico como elemento de entrada Lógica
9 (RLIN) 332
650 #4 - PUNTO DE ACCESO ADICIONAL DE MATERIA--TÉRMINO DE MATERIA
Término de materia o nombre geográfico como elemento de entrada Percepción
9 (RLIN) 35121
700 12 - PUNTO DE ACCESO ADICIONAL--NOMBRE DE PERSONA
Nombre de persona Morf, Albert
9 (RLIN) 61846
700 12 - PUNTO DE ACCESO ADICIONAL--NOMBRE DE PERSONA
Nombre de persona Bruner, Jérôme S.
9 (RLIN) 50772
700 12 - PUNTO DE ACCESO ADICIONAL--NOMBRE DE PERSONA
Nombre de persona Bresson, François
9 (RLIN) 61847
700 12 - PUNTO DE ACCESO ADICIONAL--NOMBRE DE PERSONA
Nombre de persona Piaget, Jean
Fechas asociadas al nombre 1896-1980
9 (RLIN) 40350
830 #0 - PUNTO DE ACCESO ADICIONAL DE SERIE-TÍTULO UNIFORME
Título uniforme Études D´épistémologie génétique
9 (RLIN) 61848
830 #0 - PUNTO DE ACCESO ADICIONAL DE SERIE-TÍTULO UNIFORME
Título uniforme Biblothéque scientifique internatonale
9 (RLIN) 61849
910 ## - DATOS DE OPCIÓN DEL USUARIO (OCLC)
Datos de opción del usuario Validado. Control de calidad MFF
Holdings
Estado de retiro Estado de pérdida Restricciones de uso No para préstamo Código de colección Localización permanente Ubicación/localización actual Ubicación en estantería Fecha de adquisición Número de inventario Total de préstamos Signatura topográfica completa Código de barras Fecha visto por última vez Precio válido a partir de Tipo de ítem Koha Nota pública
      Excluido de préstamo Monografías: Libros y Folletos General General Depósito 15.11.2011 LF1   160 L832 35863-10 25.06.2020 25.06.2020 No se presta Perteneció a la biblioteca personal de Juan Isidro Jimenes Grullón
        Monografías: Libros y Folletos General General Orden iniciada 15.11.2011 LF1   160 L832 35864-10 25.06.2020 25.06.2020 No se presta  

Powered by Koha